00668 2200217 4500001002100000005001700021008004100038035002400079090001600103245013900119250001000258260004000268300002900308500002700337650001900364700001600383850001500399980001500414985000600429999001500435YOGYA-0209000000194220090227020503.0 ind  0010-020900000001942 a378.16bPan aPanduan ujian masuk PGSD 1991bminat jabatan bahasa Indonesia, ilmu pengetahuan sosial, ilmu pengetahuan alam, matematikacAbdurachman aCet.1 aBandungbEpsilon Grup Bandungc1991 avi, 103 hlmbilusc21 cm aBibliografi : hlm. 103 aPGSD - Panduan aAbdurachman aYOPDYOG(B) a10-18-2005 a1 a93P0039187